Social indicators: problems of definition and of selection
Tallennettuna:
| Yhteisötekijä: | |
|---|---|
| Aineistotyyppi: | Teksti |
| Julkaistu: |
Paris:
UNESCO
|
| Tagit: |
Lisää tagi
Ei tageja, Lisää ensimmäinen tagi!
|
MARC
| LEADER | 00000 a a2200000 04500 | ||
|---|---|---|---|
| 001 | 24606 | ||
| 003 | |||
| 040 | |||
| 020 | |a 92-3101161-8 | ||
| 090 | |a 177000 | ||
| 110 | |a UNESCO | ||
| 245 | |a Social indicators: problems of definition and of selection | ||
| 260 | |a Paris: |b UNESCO | ||
| 300 | |a 28 p. | ||
| 999 | |c 16018 |d 16018 | ||



